| 000 | 00523nab a2200145Ia 4500 | ||
|---|---|---|---|
| 003 | ES-SlBCS | ||
| 005 | 20210601133153.0 | ||
| 008 | 140529s1993 xxu||||| |||| 00| 0 ita d | ||
| 041 | _aita | ||
| 100 | 1 |
_aD'aronco, Maria Amalia _9202572 |
|
| 245 | 0 | 0 |
_aLa riscoperta delle origini della nazione inglese: gli anglosassoni di Richard Rowland Verstegan _c Maria Amalia D'Aronco |
| 600 | 1 |
_aVerstegan, Richard R.-Pueblos Anglosajones _9202606 |
|
| 773 | 0 |
_tSchede Medievali _gnº. 24-25, 1993, págs. 52-76 _wRev415 |
|
| 942 | _cAR | ||
| 999 |
_c591891 _d591891 |
||